Logos de football - Anecdote #2 - Statistiques

Statistiques générales
  • Ce quiz a été pris 3 101 fois
  • Le résultat moyen est 46 sur 60
Statistiques - réponses
Question Tuile Select % Correct
Équipes avec 5+ victoires en Coupe de France Oui
94%
Qui joue à Londres Non
93%
Qui joue à Londres Oui
92%
Qui joue à Londres Non
92%
Qui joue à Londres Non
92%
Équipes pour lesquelles Zlatan Ibrahimović a joué Non
92%
Qui joue à Londres Oui
91%
Équipes pour lesquelles Zlatan Ibrahimović a joué Non
91%
Équipes pour lesquelles Zlatan Ibrahimović a joué Non
91%
Équipes avec 5+ victoires en Coupe de France Non
90%
Équipes qui ont remporté les Championnats d'Europe Oui
90%
Équipes pour lesquelles Zlatan Ibrahimović a joué Oui
90%
Équipes qui ont remporté les Championnats d'Europe Non
89%
Équipes qui ont remporté les Championnats d'Europe Non
89%
Équipes qui ont remporté les Championnats d'Europe Oui
89%
Équipes pour lesquelles Zlatan Ibrahimović a joué Non
89%
Équipes pour lesquelles Zlatan Ibrahimović a joué Non
89%
Équipes pour lesquelles Zlatan Ibrahimović a joué Oui
89%
Équipes pour lesquelles Zlatan Ibrahimović a joué Non
89%
Équipes qui ont remporté les Championnats d'Europe Non
88%
Qui joue à Londres Non
87%
Équipes avec 5+ victoires en Coupe de France Non
87%
Équipes qui ont remporté les Championnats d'Europe Non
87%
Équipes qui ont remporté les Championnats d'Europe Oui
87%
Équipes avec 5+ victoires en Coupe de France Oui
86%
Équipes qui ont remporté les Championnats d'Europe Oui
86%
Équipes qui jouent habituellement dans des kits rayés Non
86%
Qui joue à Londres Non
85%
Équipes qui jouent habituellement dans des kits rayés Non
85%
Équipes qui jouent habituellement dans des kits rayés Non
85%
Équipes avec 5+ victoires en Coupe de France Non
84%
Équipes qui jouent habituellement dans des kits rayés Non
84%
Équipes qui jouent habituellement dans des kits rayés Non
83%
Équipes avec 5+ victoires en Coupe de France Non
81%
Équipes qui jouent habituellement dans des kits rayés Oui
81%
Qui joue à Londres Oui
79%
Équipes pour lesquelles Zlatan Ibrahimović a joué Oui
79%
Qui joue à Londres Oui
78%
Équipes avec 5+ victoires en Coupe de France Non
77%
Qui joue à Londres Non
76%
Équipes pour lesquelles Zlatan Ibrahimović a joué Oui
75%
Équipes pour lesquelles Zlatan Ibrahimović a joué Non
74%
Équipes avec 5+ victoires en Coupe de France Oui
73%
Équipes qui jouent habituellement dans des kits rayés Oui
73%
Équipes qui jouent habituellement dans des kits rayés Non
71%
Équipes qui jouent habituellement dans des kits rayés Non
70%
Équipes qui jouent habituellement dans des kits rayés Oui
67%
Équipes pour lesquelles Zlatan Ibrahimović a joué Non
63%
Équipes qui ont remporté les Championnats d'Europe Oui
60%
Qui joue à Londres Oui
59%
Équipes qui jouent habituellement dans des kits rayés Oui
57%
Équipes qui ont remporté les Championnats d'Europe Oui
55%
Équipes avec 5+ victoires en Coupe de France Oui
51%
Équipes qui jouent habituellement dans des kits rayés Oui
51%
Équipes qui ont remporté les Championnats d'Europe Non
47%
Équipes avec 5+ victoires en Coupe de France Non
43%
Équipes qui ont remporté les Championnats d'Europe Oui
38%
Équipes avec 5+ victoires en Coupe de France Oui
31%
Qui joue à Londres Oui
27%
Équipes avec 5+ victoires en Coupe de France Oui
10%
Aucun quiz correspondant
Distribution des résultats
% des personnes avec chaque résultat
Percentile par nombre de réponses
Votre historique - résultats
Vous n’avez pas pris ce quiz